Quelques sommets en France - Statistiques

Statistiques générales
  • Ce quiz a été pris 109 fois
  • Le résultat moyen est 7 sur 15
Statistiques - réponses
Hint Extra Hint Réponse % Correct
Mont Blanc Alpes 4807
95%
Aiguille du midi Alpes 3845
59%
Puy de Sancy Massif central 1886
51%
Dôme du Goûter Alpes
4304
51%
Crêt de la neige Jura 1723
46%
Ballon d'Alsace Vosges 1247
45%
Pic du midi de Bigorre Pyrénées 2872
42%
Grand ballon Vosges 1424
40%
Monte Cinto Corse 2710
39%
Mont Canigou Pyrénées 2784
39%
Roc'h Trevezel Monts d'Arrée 384
39%
Pic de Vignemale Pyrénées
3298
39%
Mont Aigoual Massif central 1565
35%
Haut-Folin Morvan 901
33%
Croix rousse Alpes 3546
24%
Aucun quiz correspondant
Distribution des résultats
% des personnes avec chaque résultat
Percentile par nombre de réponses
Votre historique - résultats
Vous n’avez pas pris ce quiz